00383pab a2200145 454500008004000000100002400040245005100064260000900115300001300124362001200137650002700149650001700176650001100193773003300204180718b1997 xxu||||| |||| 00| 0 eng d aLee, Robhert D. Jr. aA quarter century of state budgeting practices c1997 ap.133-40 aMar-Apr aBudget - United States aState budget aBudget aPublic Administration Review